000 01527nam a2200241Ia 4500
003 Ost
005 20260507075119.0
008 260507s9999||||xx |||||||||||||| ||und||
040 _cfsecg
041 _aara
082 _a330.15
100 _aمصطفى، أحمد فريد
_eمؤلف
245 0 _aتطور الفكر والوقائع الإقتصادية /
_c أحمد فريد مصطفى
260 _aالإسكندرية:
_bمؤسسة شباب الجامعة,
_c2000
300 _a352 صفحة؛
_bإيضاحات ؛
_c24 سم
520 _aالفكر والنظام الإقتصادي في مرحلة العصور الوسطى- مذهب التجارين وظهور الرأسمالية التجارية في الفترة من 1450-1750-الرأسمالية الصناعية وفلسفة الثورة الصناعية في الفترة من عام 1750-1850-أثر النهضة الصناعية والتيار الفكر المعاصر لها على الإقتصاد- تعمق الأزمة في النظام الرأسمالي في خلال الفترة من 1920-1945- لمحات في اقتصادنا المعاصر- التحولات المرحلية للإقتصاد المصري- سياسة الإنفتاح الإقتصادي وآثارها
653 _aالإشتراكية
653 _aالإقتصاد- الفلسفة
653 _aالرأسمالية
653 _aالنظم الإقتصادية- مصر
700 _aحسن، سهير محمد السيد
_eمؤلف ثانوي
942 _cكتاب
999 _c43052
_d43052